Синхротронное излучение. Методы исследования структуры веществ: учебное пособие

Dettagli Bibliografici
Autore principale: Фетисов Г. В. Геннадий Владимирович
Altri autori: Асланов Л. А. (редактор)
Riassunto:Что такое синхротронное излучение (СИ), как оно получается и какими уникальными свойствами обладает? Что нового по сравнению с рентгеновскими лучами из рентгеновских трубок могут дать рентгеновские лучи из источников СИ для исследования атомной структуры веществ? Какие генераторы СИ уже есть в настоящее время и какие могут появиться в ближайшем будущем, где их можно найти и каковы их основные характеристики? Чем отличается проведение рентгеноструктурных и рентгеноспектральных экспериментов на СИ от измерений на лабораторных источниках рентгеновских лучей и какие специальные устройства требуются и уже существуют для таких экспериментов? Какие рентгеновские дифракционные и спектральные измерения стали возможны в последнее время только благодаря появлению доступного СИ и как их проводить, а также что принципиально нового можно узнать о веществе из результатов этих измерений? Именно об этом рассказывается в шести главах данной книги. Допущено УМО по классическому университетскому образованию в качестве учебного пособия для студентов старших курсов, обучающихся по специальности 020101 (011000) — Химия.
Lingua:russo
Pubblicazione: Москва, Физматлит, 2007
Serie:Фундаментальная и прикладная физика
Soggetti:
Natura: Libro
KOHA link:https://koha.lib.tpu.ru/cgi-bin/koha/opac-detail.pl?biblionumber=123000

MARC

LEADER 00000nam0a2200000 4500
001 123000
005 20231101215800.0
010 |a 9785922108058 
035 |a (RuTPU)RU\TPU\book\133158 
090 |a 123000 
100 |a 20071010d2007 m y0rusy50 ca 
101 0 |a rus 
102 |a RU 
105 |a a j 001zy 
200 1 |a Синхротронное излучение. Методы исследования структуры веществ  |e учебное пособие  |f Г. В. Фетисов  |g под ред. Л. А. Асланова 
210 |a Москва  |c Физматлит  |d 2007 
215 |a 672 с.  |c ил. 
225 1 |a Фундаментальная и прикладная физика 
320 |a Библиогр.: с. 636-663. 
320 |a Предметный указатель: с. 664-671. 
330 |a Что такое синхротронное излучение (СИ), как оно получается и какими уникальными свойствами обладает? Что нового по сравнению с рентгеновскими лучами из рентгеновских трубок могут дать рентгеновские лучи из источников СИ для исследования атомной структуры веществ? Какие генераторы СИ уже есть в настоящее время и какие могут появиться в ближайшем будущем, где их можно найти и каковы их основные характеристики? Чем отличается проведение рентгеноструктурных и рентгеноспектральных экспериментов на СИ от измерений на лабораторных источниках рентгеновских лучей и какие специальные устройства требуются и уже существуют для таких экспериментов? Какие рентгеновские дифракционные и спектральные измерения стали возможны в последнее время только благодаря появлению доступного СИ и как их проводить, а также что принципиально нового можно узнать о веществе из результатов этих измерений? Именно об этом рассказывается в шести главах данной книги. Допущено УМО по классическому университетскому образованию в качестве учебного пособия для студентов старших курсов, обучающихся по специальности 020101 (011000) — Химия. 
606 1 |a Синхротронное излучение  |2 stltpush  |3 (RuTPU)RU\TPU\subj\54892  |9 72965 
610 1 |a рентгеноструктурный анализ 
610 1 |a электромагнитное излучение 
610 1 |a рентгеновские лучи 
610 1 |a свойства 
610 1 |a дифракция 
610 1 |a оборудование 
610 1 |a экспериментальные станции 
610 1 |a XAFS 
610 1 |a спектроскопия 
610 1 |a учебные пособия 
675 |a 621.384.634.4(075.8)  |v 3 
700 1 |a Фетисов  |b Г. В.  |g Геннадий Владимирович 
702 1 |a Асланов  |b Л. А.  |4 340 
801 1 |a RU  |b 63413507  |c 20071010  |g PSBO 
801 2 |a RU  |b 63413507  |c 20150619  |g PSBO 
900 |a Прикладная физика 
900 |a Современные источники рентгеновского и гамма-излучений 
942 |c BK 
951 |b 020100  |b 020101